000 01143nam a2200325Ia 4500
005 20220317001755.0
007 ta
008 210826s20092010sp a br 000 j spa d
020 _a9788493750619
040 _aCO-BoRNBP
_bspa
_erda
_cCO-BoRNBP
041 0 _aspa
084 _aA LIA1
100 1 _aLiao, Jimmy
_d1958-
_eautor
245 1 0 _aEsconderse en un rincón del mundo
_cJimmy Liao ; traducción del chino Jordi Ainaud i Escudero
250 _aPrimera edición
264 1 _aAlbolote
_bBarbara Fiore Editora
_c2009
_c2010
300 _a[100] páginas
_bilustraciones
_c26 cm.
336 _atexto
_btxt
_2rdacontent
337 _asin mediación
_bn
_2rdamedia
338 _avolumen
_bnc
_2rdacarrier
521 _aRecomendado para un público infantil mayor de 9 años
534 _tHow to own acorner
650 1 7 _aCuentos infantiles taiwuaneses
_ySiglo XX
_2LEMB
650 1 7 _aLiteratura infantil taiwuanesa
_ySiglo XX
_2LEMB
650 1 7 _aAutores taiwuaneses
_ySiglo XX
_2LEMB
650 1 7 _aSecretos
_vCuentos
_2LEMB
650 1 7 _aNiños
_vCuentos
_2LEMB
700 1 _aAinaud i Escudero, Jordi
_etraductor
_9185123
942 _2loc
_cBKINF
999 _c8045
_d8045